SPATIAL modelling in forest ecology and management : a case study

Bibliographic Details
Other Authors: Jansen 1961-, Judas 1957-, Saborowski 1950-
Format: Book
Published: Berlin; New York : Springer , 2002
Subjects:

MARC

LEADER 00000cam a2200000 7i4500
001 0000002559
005 20030806.0
020 0 0 |a 3540433570 
090 0 0 |a 634.92   |b SPA 2002 
245 0 0 |a SPATIAL modelling in forest ecology and management :   |b a case study   |c Martin Jansen, Michael Judas, Joachim Saborowski, editors 
260 0 0 |a Berlin; New York :   |b Springer ,   |c 2002 
300 |a xiii, 225 p. :   |b ill. (some col.), col. maps ;   |c 25 cm. 
500 0 0 |a Includes bibliographical references 
650 0 0 |a Forest ecology   |z Germany   |z Lower Saxony 
650 0 0 |a Forest management   |z Germany   |z Lower Saxony 
650 0 0 |a Geographic information systems   |z Germany   |z Lower Saxony 
650 0 0 |a Spatial analysis (Statistics) 
700 0 1 |a Jansen   |h Martin ,   |c 1961- 
700 0 1 |a Judas   |h Michael ,   |c 1957- 
700 0 1 |a Saborowski   |h Joachim ,   |c 1950- 
998 |a JPSM 
999 |a 0000004964   |b Monograph   |c Open Shelf   |e Default branch